• 首页
  • 本馆介绍
  • 公告通知
  • 最新文献
  • 馆藏检索
  • 电子资源
  • 读者导购
  • 参考咨询
  • 我的图书馆
  • 登录
  • 详细信息显示
  • 放入我的书架
  • 预约/预借图书
  • 作者相关作品
  • 分类相关作品
  • 丛书相关作品
  • 出版社相关作品

书目信息

  • 表格格式
  • 工作单格式
  • 卡片格式
书名: Robinson Crusoe
作者: Daniel defoe.
分册号:
分册名:
出版地: NEWYORK :
 
出版社: BNTAM BOOKS
出版时间: 1981.
页数: 278 p.
开本:
丛书名:
中图分类号:
科图分类号:
其他分类号: H319.4
主题词:
电子资源:
000 00652nam 2200229 a 4500
001 E0730950650
005 20070428143956.29
008 eng
008 uu
008 eng1981 @d1963
040    @aNLC
049    @aN5LA
090    @a2/I561.44/-4/DDR///////263477
090    @aH319.4
096    @aI561.44-4 @v2
099    @dH319.4@ex206
100 1  @aDe Foe, Daniel.
245 10 @aRobinson Crusoe / @cDaniel defoe.
260    @aNEWYORK :@bBNTAM BOOKS,@c1981.
300    @a278 p.
500    @aRep. 1978. @b00 @c20020930 @lNLC09 @h2244 @b00 @c20021015 @lNLC09 @h1738 @lNLC09 @h2233 @lNLC09 @h1825
852 9  @bWWJC @cJ08S @k2 @hI561.44-4 @iDDR
    
    Robinson Crusoe / / Daniel defoe.-NEWYORK : : BNTAM BOOKS, , 1981.
    278 p.
    Rep. 1978.
    
    ISBN
    
●
相关链接 在E读中查询图书 在五车中查询图书 在当当中查询图书 在豆瓣中查询图书


正题名:Robinson Crusoe     索取号:H319.4/x206         预约/预借

序号 登录号 条形码 馆藏地/架位号 状态 备注
1 116520   001434601   第二样本阅览室/ [索取号:H319.4/x206] 在馆    
唐山师范学院图书馆 欢迎您!
大连网信软件有限公司© 版权所有